000 00487pam a2200181 a 4500
020 _a0721639704
_c9552.00
041 _aeng
_hNULL
082 _a618.178
_bKEY/CHA
100 _aKEYE, W .
245 _aINFERTILITY EVALUATIION & TREATMENT /
_cNULL.
_hTextual Documents
260 _aNULL :
_bSAUNDERS ,
_c1995.
300 _a922 :
_bXVII ;
_cNULL .
365 _a9552.00
700 _aCHANG, R .
_aREBER, R .
930 _a1506
999 _c796042
_d796042
650 _aOBST.GYNE